000 00418nam a22001697a 4500
003 NUST - PNEC
005 20170116181150.0
008 151124b xxu||||| |||| 00| 0 eng d
020 _a-
040 _cLIBRARY
082 _a623.873 HIL
100 _915387
_aHillier, H.
245 _aMarine auxiliary machinery
_cH.Hillier
260 _cc.1968
650 _915388
_aMechanical engineering
_xME
942 _2ddc
_cBK
999 _c70933
_d70933